Un Aspecte de la marginació a casa nostra : els beneficiaris del FAS / Càritas Diocesana de Barcelona els beneficiaris del FAS / Càritas Diocesana de Barcelona
Descripción Física:
169 p. : amb map. ; 24 cm
MARC
| LEADER | 00000nam a2200000Ia 4500 | ||
|---|---|---|---|
| 001 | 1368 | ||
| 008 | 160829s9999 xx 000 0 cat d | ||
| 080 | |a S-1-122 | ||
| 100 | |a Càritas Diocesana de Barcelona |9 24249 | ||
| 245 | |a Un Aspecte de la marginació a casa nostra : |b els beneficiaris del FAS / Càritas Diocesana de Barcelona | ||
| 260 | |a Barcelona : |b Ketres, DL 1983 | ||
| 300 | |a 169 p. : |b amb map. ; |c 24 cm | ||
| 650 | 0 | |a Persones grans |x Assistència institucional |z Catalunya |9 24250 | |
| 901 | |a Arxiu | ||
| 942 | |n 1 | ||
| 952 | |0 0 |1 0 |4 0 |6 S1122 |7 1 |9 43037 |a Arxiu |b Arxiu |d 2016-12-01 |l 0 |o S-1-122 |p 1368 |r 2016-12-01 00:00:00 |w 2016-12-01 |y ARXIU | ||
| 999 | |c 45581 |d 45581 | ||